Európa digitálne prezbrojuje

Ak chcú európske krajiny dohnať USA, musia čo najrýchlejšie vstúpiť do éry informačnej spoločnosti. Úlohy a ciele iniciatívy eEurope. Využitie moderných technológií pri skvalitnení vzdelávania. Snaha o zvýšenie počítačovej gramotnosti v Európe. Problémy so vzdelávaním a informatizáciou štátnej správ...

Ausführliche Beschreibung

Gespeichert in:
Bibliographische Detailangaben
1. Verfasser: Benka, Marián
Format: Buchkapitel
Sprache:Slowakisch
Schlagworte:
Tags: Tag hinzufügen
Keine Tags, Fügen Sie das erste Tag hinzu!

MARC

LEADER 00000naa a2200000 4500
001 r040398
005 20230920072703.5
041 0 |a slo 
044 |a SK 
245 1 0 |a Európa digitálne prezbrojuje  |c Marián Benka 
520 |a Ak chcú európske krajiny dohnať USA, musia čo najrýchlejšie vstúpiť do éry informačnej spoločnosti. Úlohy a ciele iniciatívy eEurope. Využitie moderných technológií pri skvalitnení vzdelávania. Snaha o zvýšenie počítačovej gramotnosti v Európe. Problémy so vzdelávaním a informatizáciou štátnej správy. 
610 2 0 |a technológie informačné 
610 2 0 |a siete počítačové 
610 2 0 |a siete dátové 
610 2 0 |a médiá 
610 2 0 |a vzdelávanie 
610 2 0 |a informácie 
610 2 0 |a USA 
610 2 0 |a Európa 
610 2 0 |a internet 
100 1 |a Benka, Marián